000 00795nam a2200217Ia 4500
005 20260325112931.0
008 210716s2009 xx 000 0 und d
020 _a9788125913634
040 _cAIMIT LIBRARY
041 _aeng
082 _a658.4062
_21
_bWARE
100 _aWarier, E Sudhir.
_965587
245 _aKnowledge management /
_cBy E Sudhir Warier.
250 _a1st ed.
260 _aNew Delhi :
_bVikas Publishing House Pvt Ltd ,
_c2009.
300 _axx,232p. ;
_c23 cm.
_b23.5 cm.
650 _aQuality re engineering methodologies and business paradigms
_965588
650 _aKnowledge management techniques systems and tools
_965589
650 _aOrganizational knowledge management architecture and implementation strategies
_965590
942 _2ddc
_cBK
_e1st
_k658.4062 WARE
999 _c190181
_d190181